000 00521nam a2200193Ia 4500
003 OSt
005 20260223115847.0
008 250729s2007 xx 000 0 und d
040 _cAL
041 _akan
082 _a370 YADP
100 _aಯಾದವಾಡ ಎಸ್ ಬಿ
_9229469
245 _aಪ್ರಗತಿಶೀಲ ಭಾರತದಲ್ಲಿ ಶಿಕ್ಷಣ
260 _aಗದಗ
_c2007
300 _a586p
650 _aEducation
_9229470
700 _aRao Digumurthi
_9229471
942 _2ddc
_cBED
999 _c238342
_d238342